Kontrola plastových výliskov

Enregistré dans:
Détails bibliographiques
Auteur principal: Galko, Patrik (Auteur)
Autres auteurs: Buranský, Ivan (Directeur de thèse)
Format: Manuscrit Livre
Langue:slovaque
Publié: 2018
Sujets:
Accès en ligne:http://is.stuba.sk/zp/portal_zp.pl?podrobnosti=123762
Tags: Ajouter un tag
Pas de tags, Soyez le premier à ajouter un tag!

MARC

LEADER 00000ntm a22000003a 4500
001 stuzp67866
003 SK-STU
005 20180820155429.6
007 ta
008 150427s2015----xo-----f-mn---000-0-slo-d
040 |a STU  |b slo 
041 0 |a slo 
100 1 |a Galko, Patrik  |u 063000  |4 aut  |U MTF Materiálovotechnologická fakulta  |T MTF Ústav výrobných technológií  |X 80393  |U M3000  |Y 83  |7 80393 
242 0 1 |a Inspection of plastics parts  |y eng 
245 1 0 |a Kontrola plastových výliskov 
260 |c 2018 
650 4 |a CT tomografia  |2 slo 
650 4 |a 3D skenovanie  |2 slo 
650 4 |a CAQ  |2 slo 
650 4 |a forma  |2 slo 
650 4 |a plasty  |2 slo 
650 4 |a 3D scanning  |2 eng 
650 4 |a CAQ  |2 eng 
650 4 |a CT tomography  |2 eng 
650 4 |a form  |2 eng 
650 4 |a plastics  |2 eng 
700 1 |a Buranský, Ivan  |u 063600  |k Z1  |4 ths  |U MTF Ústav výrobných technológií  |T MTF Katedra obrábania a tvárnenia  |X 4587  |U M3600  |Y 841  |7 A000004587 
856 4 |u http://is.stuba.sk/zp/portal_zp.pl?podrobnosti=123762 
996 |c M* BP-8354  |l MMSKP  |s P  |a 0  |w stuzp67866_0001